000
00227nam a22000857a 4500
008
160712b xxu||||| |||| 00| 0 eng d
100
_9
2637
_a
McDaniel, C.E.B., et al
245
_a
Before Honer
260
_a
N.Y
_b
A.J.Holman Com.
_c
1975
999
_c
2291
_d
2291